Tài liệu bồi dưỡng ngạch chuyên viên

Trình bày các kỹ năng một cán bộ chuyên viên cần có: Quản lý thời gian, kỹ năng giao tiếp, quản lý hồ sơ, kỹ năng làm việc nhóm, kỹ năng soạn thảo văn bản, kỹ năng viết báo cáo, kỹ năng thu thập và xử lý thông tin...

সম্পূর্ণ বিবরণ

সংরক্ষণ করুন:
গ্রন্থ-পঞ্জীর বিবরন
বিন্যাস: গ্রন্থ
ভাষা:Undetermined
প্রকাশিত: Hà Nội Bách khoa Hà Nội 2014
বিষয়গুলি:
ট্যাগগুলো: ট্যাগ যুক্ত করুন
কোনো ট্যাগ নেই, প্রথমজন হিসাবে ট্যাগ করুন!
Thư viện lưu trữ: Trung tâm Học liệu Trường Đại học Cần Thơ
LEADER 00946nam a2200193Ia 4500
001 CTU_211000
008 210402s9999 xx 000 0 und d
020 |c 61500 
082 |a 351.597 
082 |b T103/Q.2 
245 0 |a Tài liệu bồi dưỡng ngạch chuyên viên 
245 0 |c Bộ Nội vụ. Học viện Hành chính Quốc gia 
260 |a Hà Nội 
260 |b Bách khoa Hà Nội 
260 |c 2014 
520 |a Trình bày các kỹ năng một cán bộ chuyên viên cần có: Quản lý thời gian, kỹ năng giao tiếp, quản lý hồ sơ, kỹ năng làm việc nhóm, kỹ năng soạn thảo văn bản, kỹ năng viết báo cáo, kỹ năng thu thập và xử lý thông tin 
650 |a Hành chính công,Public administration 
904 |i Lư Phạm Mỹ Dung,Hải 
980 |a Trung tâm Học liệu Trường Đại học Cần Thơ